LEADER 01018nam0-22003131--450- 001 990009386550403321 005 20110627184516.0 035 $a000938655 035 $aFED01000938655 035 $a(Aleph)000938655FED01 035 $a000938655 100 $a20110627g19871990km-y0itay50------ba 101 0 $afre 102 $aFR 105 $aa---a---001yy 200 1 $aTraité de physiologie théorique$fG. Chauvet 210 $aParis$cMasson$d1987-1990 215 $aXXV, 550 p.$cill.$d25 cm 327 1 $a1.: Formalismes, niveaux moléculaire et cellulaire$a2.: De la cellule à l'homme$a3.: Physiologie intégrative, champ et organisation fonctionnelle 610 0 $aFisiologia$aModelli matematici 610 0 $aBiologia$aModelli matematici 700 1$aChauvet,$bGilbert$f<1942- >$0511646 801 0$aIT$bUNINA$gRICA$2UNIMARC 901 $aBK 912 $a990009386550403321 952 $aIV C 269$b10834$fDMVSF 959 $aDMVSF 996 $aTraité de physiologie théorique$9764367 997 $aUNINA LEADER 01355nam a2200349 i 4500 001 991001487349707536 005 20020507194340.0 008 970609s1995 us ||| | eng 020 $a1556156790 035 $ab10854149-39ule_inst 035 $aLE01313016$9ExL 040 $aDip.to Matematica$beng 082 0 $a005.2 084 $aAMS 68N25 084 $aCR D.4.0 084 $aQA76.76.W56W553 110 2 $aMicrosoft corporation$0288066 245 14$aThe Windows interface guidelines for software design /$cMicrosoft corp. 260 $aRedmond, WA :$bMicrosoft Press,$cc1995 300 $axx, 556 p. :$bill. (some col.) ;$c23 cm. 500 $a"Microsoft professional reference" - Cover. 500 $a"Covers Windows 95 & Windows NT" - Cover. 500 $aIncludes bibliographical references (p. [523]-525) and index 650 4$aComputer software$xDevelopment-handbooks, manuals, etc 650 4$aMicrosoft Windows (Computer file) 650 4$aUser interfaces (Computer systems) 907 $a.b10854149$b21-09-06$c28-06-02 912 $a991001487349707536 945 $aLE013 68N MIC12 (1995)$g1$i2013000082639$lle013$o-$pE0.00$q-$rl$s- $t0$u0$v0$w0$x0$y.i10965804$z28-06-02 996 $aWindows interface guidelines for software design$9918541 997 $aUNISALENTO 998 $ale013$b01-01-97$cm$da $e-$feng$gus $h4$i1 LEADER 04645nam 2200949 450 001 9910807063403321 005 20230803204050.0 010 $a0-8232-6746-6 010 $a0-8232-6634-6 010 $a0-8232-6302-9 010 $a0-8232-6303-7 024 7 $a10.1515/9780823263028 035 $a(CKB)3710000000216398 035 $a(EBL)3239916 035 $a(SSID)ssj0001292383 035 $a(PQKBManifestationID)11722488 035 $a(PQKBTitleCode)TC0001292383 035 $a(PQKBWorkID)11282969 035 $a(PQKB)10042663 035 $a(StDuBDS)EDZ0001111265 035 $a(MiAaPQ)EBC3239916 035 $a(OCoLC)890533761 035 $a(MdBmJHUP)muse37910 035 $a(DE-B1597)555205 035 $a(DE-B1597)9780823263028 035 $a(Au-PeEL)EBL3239916 035 $a(CaPaEBR)ebr10904481 035 $a(CaONFJC)MIL671361 035 $a(OCoLC)898120690 035 $a(OCoLC)889302820 035 $a(MiAaPQ)EBC1884021 035 $a(Au-PeEL)EBL1884021 035 $a(EXLCZ)993710000000216398 100 $a20140814h20142014 uy 1 101 0 $aeng 135 $aur|nu---|u||u 181 $ctxt 182 $cc 183 $acr 200 14$aThe body of property $eantebellum American fiction and the phenomenology of possession /$fChad Luck 205 $aFirst edition. 210 1$aNew York :$cFordham University Press,$d2014. 210 4$d©2014 215 $a1 online resource (308 p.) 225 1 $aAmerican Literatures Initiative 300 $aIncludes index. 311 $a1-322-40079-2 311 $a0-8232-6300-2 320 $aIncludes bibliographical references and index. 327 $tFront matter --$tContents --$tAcknowledgments --$tIntroduction: Pierson v. Post and the Literary Origins of American Property --$t1. Walking the Property: Ownership, Space, and the Body in Motion in Edgar Huntly --$t2. Eating Dwelling Gagging: Hawthorne, Stoddard, and the Phenomenology of Possession --$t3. Anxieties of Ownership: Debt, Entitlement, and the Plantation Romance --$t14. Feeling at a Loss: Theft and Affect in George Lippard --$tEpilogue. Wisconsin, 2004: Racial Violence and the Bodies of Property --$tNotes --$tWorks Cited --$tIndex 330 $aWhat does it mean to own something? How does a thing become mine? Liberal philosophy since John Locke has championed the salutary effects of private property but has avoided the more difficult questions of property?s ontology. Chad Luck argues that antebellum American literature is obsessed with precisely these questions. Reading slave narratives, gothic romances, city-mystery novels, and a range of other property narratives, Luck unearths a wide-ranging literary effort to understand the nature of ownership, the phenomenology of possession. In these antebellum texts, ownership is not an abstract legal form but a lived relation, a dynamic of embodiment emerging within specific cultural spaces?a disputed frontier, a city agitated by class conflict. Luck challenges accounts that map property practice along a trajectory of abstraction and ?virtualization.? The book also reorients recent Americanist work in emotion and affect by detailing a broader phenomenology of ownership, one extending beyond emotion to such sensory experiences as touch, taste, and vision. This productive blend of phenomenology and history uncovers deep-seated anxieties?and enthusiasms?about property across antebellum culture. 410 0$aAmerican Literatures Initiative 606 $aAmerican fiction$y19th century$xHistory and criticism 606 $aMaterial culture in literature 606 $aAmerican fiction$y18th century$xHistory and criticism 606 $aProperty in literature 606 $aPersonal belongings in literature 610 $aAffect. 610 $aAmerican Literature. 610 $aAntebellum Culture. 610 $aEighteenth-Century. 610 $aEmbodiment. 610 $aNineteenth-Century. 610 $aOwnership. 610 $aPhenomenology. 610 $aProperty. 610 $aSpace. 615 0$aAmerican fiction$xHistory and criticism. 615 0$aMaterial culture in literature. 615 0$aAmerican fiction$xHistory and criticism. 615 0$aProperty in literature. 615 0$aPersonal belongings in literature. 676 $a813/.3093553 686 $aLIT004020$aLAW060000$aPHI018000$2bisacsh 700 $aLuck$b Chad$01649034 801 0$bMiAaPQ 801 1$bMiAaPQ 801 2$bMiAaPQ 906 $aBOOK 912 $a9910807063403321 996 $aThe body of property$93997547 997 $aUNINA